| 000 | 00442nam a22000977a 4500 | ||
|---|---|---|---|
| 008 | 171209b xxu||||| |||| 00| 0 eng d | ||
| 100 | _aGovernatorato S.C.V., | ||
| 245 |
_aStamps of the Vatican City State (1929 - 1976) _bI francobolli dello Stato della Citta del Vaticano |
||
| 260 |
_aVatican City _bGovernatorato S.C.V., _c1977 |
||
| 650 | _aVatican City (1929-) | Designs | Catalogs and Price Lists | Vatican City (1929-) | Postal Stationery | Cards | ||
| 999 |
_c2568 _d2568 |
||